Every Manchester United Goalscorer in European Competitions (2020's) - Statistics

General Stats
  • This quiz has been taken 24 times
    12 since last reset
  • The average score is 84 of 104
Answer Stats
Game Scorer % Correct
AC Milan (H) | PAOK (H) Amad
100%
Bayern Munich (A) Casemiro
100%
Sheriff Tiraspol (H) Dalot
100%
Atalanta (H) | Copenhagen (H) | Porto (A) Maguire
100%
Atalanta (H) | Barcelona (A) | Granada (A) | +10 others Rashford
100%
Barcelona (H) | Real Betis (H) Antony
89%
AS Roma (H) | Club Brugge (H) | Copenhagen (A) | +10 others Fernandes
89%
Barcelona (H) | Club Brugge (H) Fred
89%
Bodo/Glimt (H) | Galatasaray (A) | Real Sociedad (A) Garnacho
89%
Bayern Munich (A) | Bodo/Glimt (H) | Copenhagen (A) | +3 others Hojlund
89%
Club Brugge (H) | Galatasaray (A) | Omonia (H) McTominay
89%
AC Milan (A) | AS Roma (H) Pogba
89%
Atalanta (A) | Atalanta (H) | Sheriff Tiraspol (A) | +4 others Ronaldo
89%
Fenerbahce (A) | Twente (H) Eriksen
78%
Club Brugge (A) | Istanbul Basaksehir (A) | LASK (H) | RB Leipzig (H) Martial
78%
AS Roma (A) | AS Roma (H) | Granada (H) | Villarreal (N) Cavani
67%
Atletico Madrid (A) Elanga
56%
AS Roma (H) | LASK (A) | RB Leipzig (H) | Young Boys (H) Greenwood
56%
Sheriff Tiraspol (A) | Villarreal (A) Sancho
56%
LASK (H) Lingard
44%
LASK (A) Mata
44%
Sevilla (H) Sabitzer
33%
Real Betis (H) Weghorst
33%
Club Brugge (H) | LASK (A) Ighalo
22%
Istanbul Basaksehir (H) | LASK (A) | Real Sociedad (N) James
22%
LASK (A) Pereira
22%
Villarreal (H) Telles
0%
No matching quizzes found
Score Distribution
Percent of People with Each Score
Percentile by Number Answered
Your Score History
You have not taken this quiz since the last reset